000 00427nam a2200169Ia 4500
008 230711s9999||||xx |||||||||||||| ||und||
041 _aENG
082 _a620
_bBH-E
100 _aBhavikatti, S.S
245 0 _aEngineering mechanics
250 _a1st Ed.
260 _c2003
_aNew Delhi
_bNew Age International Publishers
300 _a537
650 _aMechanical Engineering
700 _aRajashekarappa, K. G
942 _cBK
999 _c2399
_d2399